<?xml version="1.0" encoding="UTF-8"?>
<marc:record xmlns:marc="http://www.loc.gov/MARC21/slim">
   <marc:leader>00000nam a2200000 a 4500</marc:leader>
   <marc:datafield ind1="1" ind2=" " tag="100">
      <marc:subfield code="a">Michalzik, Peter</marc:subfield>
      <marc:subfield code="4">aut</marc:subfield>
      <marc:subfield code="e">Verfasser/-in</marc:subfield>
   </marc:datafield>
   <marc:datafield ind1=" " ind2=" " tag="653">
      <marc:subfield code="a">Kleist</marc:subfield>
   </marc:datafield>
   <marc:datafield ind1=" " ind2=" " tag="653">
      <marc:subfield code="a">Heinrich von</marc:subfield>
   </marc:datafield>
   <marc:datafield ind1=" " ind2=" " tag="653">
      <marc:subfield code="a">Biografie</marc:subfield>
   </marc:datafield>
   <marc:datafield ind1=" " ind2=" " tag="653">
      <marc:subfield code="a">Biographie</marc:subfield>
   </marc:datafield>
   <marc:datafield ind1="0" ind2="0" tag="245">
      <marc:subfield code="a">Kleist</marc:subfield>
   </marc:datafield>
   <marc:datafield ind1="0" ind2="0" tag="245">
      <marc:subfield code="b">Dichter, Krieger, Seelensucher ; Biographie</marc:subfield>
   </marc:datafield>
   <marc:datafield ind1="0" ind2="0" tag="245">
      <marc:subfield code="c">Peter Michalzik</marc:subfield>
   </marc:datafield>
   <marc:datafield ind1=" " ind2="1" tag="264">
      <marc:subfield code="a">Berlin</marc:subfield>
      <marc:subfield code="b">Propyläen</marc:subfield>
      <marc:subfield code="c">2011</marc:subfield>
   </marc:datafield>
   <marc:datafield ind1="1" ind2=" " tag="520">
      <marc:subfield code="a">Angaben aus der Verlagsmeldung

Kleist : Dichter, Krieger, Seelensucher - Biographie / von Peter Michalzik

Kleist, das notorisch verkannte Genie, war Seismograph einer Welt im Umbruch. Er war ein Mann der Extreme, kriegserprobter preußischer Offizier einerseits, Erfinder großer Frauenfiguren und einer herzerweichenden Sprache andererseits. Er hasste Napoleon und liebte das entstehende Deutschland. Er war Realist und Phantast, Unternehmer und Bankrotteur, Beamter und Journalist, immer wieder scheiternder Glückssucher und der einzige wirkliche Tragiker der deutschen Literatur. Mit Hingabe und Präzision erzählt Peter Michalzik die Geschichte dieses kurzen, geheimnisumwitterten Lebens. Er berichtet klar und schnörkellos, was wir von Kleist wissen können, verzichtet auf Spekulationen und enthält sich jenes Pathos, das den Umgang mit Kleist bis heute prägt. Ein Buch, das der Modernität des großen Dichters gerecht wird.
</marc:subfield>
   </marc:datafield>
   <marc:datafield ind1=" " ind2=" " tag="020">
      <marc:subfield code="a">9783549073247</marc:subfield>
      <marc:subfield code="9">9783549073247</marc:subfield>
   </marc:datafield>
   <marc:datafield ind1=" " ind2=" " tag="020">
      <marc:subfield code="a">3549073240</marc:subfield>
      <marc:subfield code="9">3549073240</marc:subfield>
   </marc:datafield>
   <marc:datafield ind1=" " ind2=" " tag="041">
      <marc:subfield code="a">ger</marc:subfield>
   </marc:datafield>
   <marc:datafield ind1=" " ind2=" " tag="300">
      <marc:subfield code="a">557 S.</marc:subfield>
   </marc:datafield>
</marc:record>
